US Cities by Letter - W - Statistics

General Stats
  • This quiz has been taken 102 times
  • The average score is 3 of 5
Answer Stats
Population State Answer % Correct
4,586,770 DC Washington
100%
472,870 KS Wichita
95%
486,514 MA Worcester
68%
219,957 NC Wilmington
51%
201,289 FL Winter Haven
3%
No matching quizzes found
Score Distribution
Percent of People with Each Score
Percentile by Number Answered
Your Score History
You have not taken this quiz